Miestna samospráva Slovenskej republiky a Českej republiky v znalostnej ekonomike

Analýza pozície lokálnej úrovne samosprávy v budovaní znalostnej ekonomiky a porovnanie výsledkov v podmienkach Slovenskej a Českej republiky.

Salvato in:
Dettagli Bibliografici
Autore principale: Žárska, Elena, 1955-
Altri autori: Galata, Milan
Natura: Capitolo di libro
Lingua:slovacco
Soggetti:
Tags: Aggiungi Tag
Nessun Tag, puoi essere il primo ad aggiungerne!!

MARC

LEADER 00000naa a2200000 4500
001 0156972
005 20240605104008.9
041 0 |a slo 
044 |a SK 
245 1 0 |a Miestna samospráva Slovenskej republiky a Českej republiky v znalostnej ekonomike  |c Elena Žárska, Milan Galata 
520 |a Analýza pozície lokálnej úrovne samosprávy v budovaní znalostnej ekonomiky a porovnanie výsledkov v podmienkach Slovenskej a Českej republiky. 
610 2 0 |a Slovensko 
610 2 0 |a Česko 
610 2 0 |a ekonomika znalostná 
610 2 0 |a inovácia 
610 2 0 |a parky priemyselné 
610 2 0 |a výskum ekonomický 
610 2 0 |a samospráva miestna 
100 1 |a Žárska, Elena, 1955- 
700 1 |a Galata, Milan